Retail sales, independent stores -- Rhode Island, October 1945.

Bibliographic Details
Format: Government Document eBook
Language:English
Published: [Washington] : [s.n.], 1945.
Subjects:
Online Access:Electronic resource (PDF)

MARC

Tag First Indicator Second Indicator Subfields
LEADER 00000cam a22000001i 4500
001 in00003931313
006 m d f
007 cr bn mmmapmmp
008 450215s1945 dcu o f000 0 eng d
005 20250211000459.8
035 |a ebd1943011557 
040 |a UMI  |c UMI  |e rda  |d UtOrBLW 
086 0 |a C 3.138:945/10/R 34 
099 |a C3.138..945_10_R34 
110 1 |a United States.  |b Bureau of the Census,  |e issuing body.  |0 http://id.loc.gov/authorities/names/n83054431 
245 1 0 |a Retail sales, independent stores -- Rhode Island, October 1945. 
264 1 |a [Washington] :  |b [s.n.],  |c 1945. 
300 |a 1 online resource (2 pages), digital, PDF file 
336 |a text  |b txt  |2 rdacontent 
337 |a computer  |b c  |2 rdamedia 
338 |a online resource  |b cr  |2 rdacarrier 
533 |a Electronic reproduction.  |b [Bethesda, Md.] :  |c ProQuest,  |d 2017  |e digital, PDF file.  |n ProQuest U.S. Executive Branch Documents  |n Mode of access: World Wide Web via ProQuest website. 
588 |a Record is based on online resource; title from PDF title page (ProQuest, last viewed Aug. 2017). Reuse except for individual research requires license from ProQuest, LLC. 
650 0 |a Clothing and dress.  |0 http://id.loc.gov/authorities/subjects/sh85027160 
651 0 |a Rhode Island.  |0 http://id.loc.gov/authorities/names/n79022912 
651 0 |a Providence (R.I.)  |0 http://id.loc.gov/authorities/names/n79043372 
856 4 0 |u http://proxy.library.tamu.edu/login?url=http://congressional.proquest.com/congressional/docview/t66.d71.c3.138..945_10_r34?  |y Electronic resource (PDF)  |t 0 
999 f f |s 7963295f-2490-3cb0-a556-8a893bc64c97  |i 01b8bece-585d-31fa-8757-ec94f73b890c  |t 0 
952 f f |a Texas A&M University  |b College Station  |c Electronic Resources  |d Available Online  |t 0  |h No information provided 
998 f f |t 0  |l Available Online